Bezpečnost uživatelů i-bankingu a ochrana banky
Útoky na klientov internetového bankovníctva. Úroveň bezpečnosti. Základy bezpečného chovania v elektronickom priestore. Metódy ochrany proti internetové kriminalite na strane banky. Princíp systému pre odhaľovanie podvodov.
Salvato in:
| Autore principale: | |
|---|---|
| Altri autori: | |
| Natura: | Capitolo di libro |
| Lingua: | ceco |
| Soggetti: | |
| Tags: |
Nessun Tag, puoi essere il primo ad aggiungerne!!
|
MARC
| LEADER | 00000naa$a2200000$$$4500 | ||
|---|---|---|---|
| 001 | 0075662 | ||
| 005 | 20231010095035.7 | ||
| 041 | 0 | |a cze | |
| 044 | |a CZ | ||
| 245 | 1 | 0 | |a Bezpečnost uživatelů i-bankingu a ochrana banky |c Jan Vaněk, Ivo Kněžek |
| 520 | |a Útoky na klientov internetového bankovníctva. Úroveň bezpečnosti. Základy bezpečného chovania v elektronickom priestore. Metódy ochrany proti internetové kriminalite na strane banky. Princíp systému pre odhaľovanie podvodov. | ||
| 610 | 2 | 0 | |a internetbanking |
| 610 | 2 | 0 | |a bezpečnosť |
| 610 | 2 | 0 | |a kriminalita |
| 610 | 2 | 0 | |a banky |
| 610 | 2 | 0 | |a podvody bankové |
| 100 | 1 | |a Vaněk, Jan | |
| 700 | 1 | |a Kněžek, Ivo | |